000
00322 a2200157 4500
001
57796
020
_a
9788508129669
040
_c
Anchieta - Pituba
100
_a
Dante, Luiz Roberto
240
1
0
_a
Matemática
_l
por
245
1
0
_a
Matemática
300
_a
496
362
0
_a
2011
650
4
_a
Matemática
942
_c
BK
999
_c
57796
_d
57796